| 000 | 00667nam a2200217 a 4500 | ||
|---|---|---|---|
| 003 | OSt | ||
| 005 | 20240226124611.0 | ||
| 008 | 180220t2012 pk | |||| 000 f urd d | ||
| 020 | _a9789693524710 | ||
| 040 | _c0 | ||
| 082 |
_a891.4393 _bRFR 2012 |
||
| 100 | 1 |
_aآرفريرمين _9121226 |
|
| 245 | 1 | 0 |
_aڈنگو _cR.Freierman,tr.by Qurat Ul Ain Haider |
| 246 | _aDingo | ||
| 260 |
_aLahore: _bSang eMeel Pub; _c2012. |
||
| 300 | _a160 p. | ||
| 650 |
_aUrdu literature _vnovel. _9876 |
||
| 700 | 1 |
_aQurat Ul Ain Haider _99475 |
|
| 942 |
_2ddc _cBK _aSADA _k891.4393 RFR 2012 |
||
| 999 |
_c608183 _d608183 |
||